000 00346 a2200133 4500
000 nam a22 7a 4500
100 _aJadhav, Balaji P.
110 _aJadhav, Balaji P.
245 _aSports psychology and sociology
250 _aLatest edition
260 _bKhel Sahitya Kendra
_c2025
264 _bKhel Sahitya Kendra
_c2025
942 _cBK
999 _c393714
_d393714